00400nam a22001577a 4500003000700000005001700007008004100024082001600065100001400081245002800095250001700123260004000140300000800180490002900188650002500217MPLRDC20220104123740.0210129b ||||| |||| 00| 0 eng d a802.29 YZC  a杨再春 a字的结构与章法c a一版一刷 ab北京体育学院出版社c1987 b平 a中国书法系列丛书 a中国文字--字体